00773nam a2200229 a 450000100060000000300080000600500170001400800410003103500190007204000350009104100080012608200200013410000510015424500490020526000370025430000190029150400190031060000410032994200120037099900170038295201440039924031BD-RjUL20211209001012.0140312s1959 ii 001 0 eng d a(BD-RjUL)24096 a2509bengc2509d2509dBD-RjUL aeng04a923.2bNAJ 19591 aNarain, V. A.q(Vishnu Anugrah),d1927-97401110aJonathan Duncan and Varanasi /cV. A. Narain aCalcutta :bMukhopadhyay,c1959. a240p. ;c23cm. aIncludes Index10aDuncan, Jonathan,d1756-1811.974025 2ddccBK c24031d24031 00102ddc40728NFICaRUCLbRUCLcReadingd1976-03-27eK.P. Bachi & Cog20.00l0o923.2 NAJ 1959r2014-03-12 00:00:00tC-1w2014-03-12yBK